[Event "African-ch Open 2019"]
[Site "Hammamet"]
[Date "2019.07.11"]
[Round "3.1"]
[White "Amin, Bassem"]
[Black "Bellahcene, Bilel"]
[Result "0-1"]
[WhiteElo "2707"]
[BlackElo "2541"]
[Annotator "RC"]
[PlyCount "158"]
[EventDate "2019.07.09"]
[EventType "swiss"]
[EventCountry "TUN"]
[TimeControl "5400+30"]

1. e4 {[%emt 0:00:24]} e6 {[%emt 0:00:00]} 2. d3 {[%emt 0:01:23]} c5 {[%emt 0:00:00]} 3. g3 {[%emt 0:00:14]} Nc6 {[%emt 0:00:00]} 4. Bg2 {[%emt 0:00:05]} g6 {[%emt 0:00:18]} 5. Nf3 {[%emt 0:00:32]} Bg7 {[%emt 0:00:05]} 6. O-O {[%emt 0:00:11]} Nge7 {[%emt 0:00:02]} 7. c3 {[%emt 0:00:12]} O-O {[%emt 0:00:07]} 8. Re1 {[%emt 0:00:04]} e5 {[%emt 0:00:08]} 9. a3 {[%emt 0:00:07]} d6 {[%emt 0:00:04]} 10. b4 {[%emt 0:00:08]} a6 {[%emt 0:00:02]} 11. Nbd2 {[%emt 0:00:33]} Be6 {[%emt 0:00:49]} 12. Rb1 {[%emt 0:01:45]} h6 {[%emt 0:00:07]} 13. Nf1 {[%emt 0:05:11]} cxb4 {[%emt 0:05:41]} 14. axb4 {[%emt 0:01:11]} d5 {[%emt 0:00:09]} 15. Ne3 {[%emt 0:03:27]} d4 {[%emt 0:00:48]} 16. cxd4 {[%emt 0:00:34]} exd4 {[%emt 0:00:04]} 17. Nc4 {[%emt 0:02:18]} b5 {[%emt 0:14:09]} 18. Ncd2 {[%emt 0:02:33]} a5 {[%emt 0:02:36]} 19. bxa5 {[%emt 0:00:44]} Qxa5 {[%emt 0:01:58]} 20. h4 {[%emt 0:05:43]} Rfd8 {[%emt 0:09:34]} 21. Nb3 {[%emt 0:03:53]} Qb6 {[%emt 0:01:12]} 22. Bf4 {[%emt 0:00:41]} Ra3 {[%emt 0:02:43]} 23. Re2 {[%emt 0:03:33]} b4 {[%emt 0:09:41]} 24. Reb2 {[%emt 0:02:12]} Kh7 {[%emt 0:03:19]} 25. Ne1 {[%emt 0:07:48]} Qb5 {[%emt 0:09:34]} 26. Nc2 {[%emt 0:06:34]} Ra4 {[%emt 0:02:37]} 27. Nc1 {[%emt 0:00:24]} Ng8 {[%emt 0:02:09]} 28. h5 {[%emt 0:19:19]} g5 {[%emt 0:12:12]} 29. Bd2 {[%emt 0:00:09]} Bf8 {[%emt 0:00:08]} 30. f4 {[%emt 0:00:49]} gxf4 {[%emt 0:01:20]} 31. gxf4 {[%emt 0:00:08]} f5 {[%emt 0:01:06]} 32. e5 {[%emt 0:03:49]} Rd7 {[%emt 0:02:53]} 33. Kf2 {[%emt 0:01:42]} Rg7 {[%emt 0:01:57]} 34. Qh1 {[%emt 0:00:25]} Nxe5 {[%emt 0:09:02]} 35. fxe5 {[%emt 0:00:30]} Qxe5 {[%emt 0:00:03]} 36. Ne2 {[%emt 0:00:41]} b3 {[%emt 0:02:39]} 37. Ne1 {[%emt 0:04:37]} Ba3 {[%emt 0:02:44]} 38. Rxb3 {[%emt 0:04:54]} Bxb3 {[%emt 0:00:33]} 39. Rxb3 {[%emt 0:00:02]} Nf6 {[%emt 0:00:22]} 40. Bh3 {[%emt 0:00:00]} Bc5 {[%emt 0:00:00]} 41. Bf4 {[%emt 0:00:00]} Qe6 {[%emt 0:00:00]} 42. Rb7 {[%emt 0:00:00]} Ra2 {[%emt 0:00:00]} 43. Rxg7+ {[%emt 0:00:00]} Kxg7 {[%emt 0:00:00]} 44. Qg2+ {[%emt 0:00:00]} Kh8 {[%emt 0:00:00]} 45. Kf1 {[%emt 0:00:00]} Nxh5 {[%emt 0:00:00]} 46. Bh2 {[%emt 0:00:00]} Bb4 {[%emt 0:00:00]} 47. Qf2 {[%emt 0:04:37]} Bxe1 {[%emt 0:01:19]} 48. Qxd4+ {[%emt 0:01:27]} Kg8 {[%emt 0:01:58]} 49. Qe5 {[%emt 0:06:35]} Qxe5 {[%emt 0:01:01]} 50. Bxe5 {[%emt 0:00:01]} Ra5 {[%emt 0:00:44]} 51. d4 {[%emt 0:00:48]} Ra1 {[%emt 0:02:11]} 52. Kg2 {[%emt 0:02:03]} Ra2 {[%emt 0:00:39]} 53. Kf1 {[%emt 0:00:19]} Ra1 {[%emt 0:00:02]} 54. Kg2 {[%emt 0:00:07]} Ng7 {[%emt 0:00:18]} 55. Nf4 {[%emt 0:02:08]} Ra2+ {[%emt 0:00:10]} 56. Kf3 {[%emt 0:00:13]} Ra3+ {[%emt 0:00:25]} 57. Ke2 {[%emt 0:00:01]} Bg3 {[%emt 0:00:15]} 58. Bg2 {[%emt 0:00:02]} Bxf4 {[%emt 0:00:32]} 59. Bd5+ {[%emt 0:00:06]} Kh7 {[%emt 0:00:03]} 60. Bxf4 {[%emt 0:00:04]} Nh5 {[%emt 0:00:20]} 61. Bd6 {[%emt 0:00:28]} Rh3 {[%emt 0:01:13]} 62. Be5 {[%emt 0:01:49]} Kg6 {[%emt 0:00:26]} 63. Bf3 {[%emt 0:00:20]} Kg5 {[%emt 0:00:54]} 64. Kf2 {[%emt 0:01:19]} Nf4 {[%emt 0:00:35]} 65. Bd6 {[%emt 0:00:33]} h5 {[%emt 0:01:23]} 66. d5 {[%emt 0:00:59]} Rxf3+ {[%emt 0:02:43]} 67. Kxf3 {[%emt 0:00:02]} Nxd5 {[%emt 0:00:04]} 68. Bg3 {[%emt 0:01:17]} f4 {[%emt 0:00:34]} 69. Bh2 {[%emt 0:00:40]} Kf5 {[%emt 0:00:02]} 70. Bg1 {[%emt 0:00:15]} Ne7 {[%emt 0:00:11]} 71. Bb6 {[%emt 0:01:07]} Ng6 {[%emt 0:00:04]} 72. Bc7 {[%emt 0:00:07]} Nh4+ {[%emt 0:00:26]} 73. Kf2 {[%emt 0:00:06]} Kg4 {[%emt 0:00:13]} 74. Be5 {[%emt 0:00:20]} Nf3 {[%emt 0:00:36]} 75. Bc7 {[%emt 0:00:18]} h4 {[%emt 0:01:10]} 76. Kg2 {[%emt 0:00:13]} Nd2 {[%emt 0:00:14]} 77. Bb6 {[%emt 0:00:20]} Ne4 {[%emt 0:00:28]} 78. Bc7 {[%emt 0:00:53]} f3+ {[%emt 0:01:23]} 79. Kg1 {[%emt 0:00:24]} f2+ {[%emt 0:00:21]} 0-1

[Event "African-ch Open 2019"]
[Site "Hammamet"]
[Date "2019.07.11"]
[Round "3.2"]
[White "Hamdouchi, Hicham"]
[Black "Adly, Ahmed"]
[Result "0-1"]
[WhiteElo "2575"]
[BlackElo "2618"]
[Annotator "TA"]
[PlyCount "98"]
[EventDate "2019.07.09"]
[EventType "swiss"]
[EventCountry "TUN"]
[SourceTitle "playchess.com"]
[Source "ChessBase"]
[SourceQuality "1"]

{[%evp 10,120,45,56,49,40,52,44,58,35,58,39,41,36,44,49,33,36,60,63,56,-1,0,-1,-1,-15,-2,-2,-2,-9,0,-6,0,0,0,8,6,0,34,14,6,0,0,-24,20,17,39,32,58,38,70,32,35,29,37,4,181,0,0,0,0,0,50,0,0,-33,-40,-51,-52,-49,-45,-126,-130,-109,-89,-199,-197,-181,-207,-222,-202,-205,-83,-261,-264,-433,-442,-448,-452,-425,-393,-443,-434,-448,-425,-468,-459,-458,-478,-614,-579,-730,-714,-663,-667,-648,-648,-628,-620,-845,-841,-1533,-1460]} 1. e4 c5 2. Nf3 Nf6 3. e5 Nd5 4. Nc3 Nxc3 5. dxc3 Nc6 6. Bf4 Qc7 {B29: Sicilian: 2 Nf3 Nf6 (Nimzowitsch Variation)} (6... e6 7. Qd2 h6 8. h4 a6 9. h5 b5 10. a4 b4 11. Bd3 Bb7 12. Be4 Qc7 13. O-O bxc3 14. bxc3 Ne7 15. Bxb7 Qxb7 {1-0 (77) Carlsen,M (2835)-Popov,I (2592) St Petersburg 2018}) 7. Qd2 {Threatens to win with e6.} e6 $1 8. h4 h6 {White is slightly better.} 9. h5 b6 10. Bd3 Bb7 11. Be4 Ne7 12. Bxb7 Qxb7 13. Qe2 b5 $146 ({Predecessor:} 13... Nd5 14. Bd2 Rd8 15. c4 {½-½ (35) Zasinets,D (2126)-Dolgov,I (2409) LSS email 2013}) 14. O-O Nd5 15. Bg3 (15. Bd2 $14) 15... Be7 16. Nd2 c4 17. Ne4 O-O 18. Rad1 Qc6 19. Rfe1 Kh7 20. Qg4 Rg8 (20... Bc5 {feels hotter.} 21. a3 a5 22. Bh4 Bb6 23. Qf3 Bc7) 21. Bh4 Bxh4 22. Qxh4 Raf8 23. Qg3 Kh8 (23... f5 $5 {[%cal Rf5e4]} 24. Qg6+ Kh8 $11) 24. Nd6 g6 25. Rd4 gxh5 26. Qf3 f5 (26... f6 $5 {[%cal Rf6e5]} 27. g3 (27. Qxh5 Rxg2+ 28. Kh1 Kh7 $17) 27... Rg5 $11) 27. Rh4 $36 {[%mdl 2048] White has some pressure.} Rg4 28. Rxh5 Kg7 29. Kf1 a5 30. a3 Kg6 31. Rh2 {And now Qh3 would win.} ({But not} 31. Qh3 Nf4 $17) 31... h5 $1 32. Rd1 Qc5 $2 {[#]} (32... Qb6 $11 {and Black stays safe.}) 33. Nb7 $2 (33. Rd4 $1 $18 {[%cal Rd4g4][%mdl 512] Rxg4+ is the strong threat.} Qb6 (33... Rxd4 34. Qxh5+) 34. Qh3) 33... Qe7 $11 34. Nd6 Qg5 35. Nxb5 f4 36. Rd4 Qxe5 37. Qe4+ ({Not} 37. Rxc4 $2 {[#]} Ne3+ $1 {[%mdl 512]} 38. fxe3 Qxb5 $19) 37... Qxe4 38. Rxe4 {[#]} Ne3+ $1 {[%mdl 512]} 39. Kg1 (39. fxe3 fxe3+) 39... Rg5 {White must now prevent ...Ng4.} 40. Nd4 ({White should play} 40. fxe3 $15 Rxb5 41. exf4) 40... Ng4 $17 41. Rh3 Rd5 {Strongly threatening ...e5.} 42. Kf1 (42. b3 $17 {was called for.}) 42... e5 $19 43. Nf3 Rb8 44. g3 fxg3 45. Rxg3 Kf6 ({Less strong is} 45... Rxb2 46. Nxe5+ Kf5 47. Nxc4 $11) (45... Kf5 $19 46. Re2 Rxb2) 46. Rxc4 $2 (46. Rh3 $17 Rd1+ 47. Ke2) 46... Rxb2 47. Ne1 $2 (47. Ng1) 47... Rd2 48. Rf3+ Ke6 49. Kg2 {[#]} Rd1 {Played: Rd2xf2} 0-1

[Event "African-ch Open 2019"]
[Site "Hammamet"]
[Date "2019.07.12"]
[Round "4.1"]
[White "Adly, Ahmed"]
[Black "Bellahcene, Bilel"]
[Result "1-0"]
[WhiteElo "2618"]
[BlackElo "2541"]
[Annotator "ChessBase"]
[PlyCount "90"]
[EventDate "2019.07.09"]
[EventType "swiss"]
[EventCountry "TUN"]
[SourceTitle "playchess.com"]
[Source "ChessBase"]
[SourceQuality "1"]
[TimeControl "5400+30"]

1. d4 {[%emt 0:02:24]} e6 {[%emt 0:00:00]} 2. g3 {[%emt 0:00:22]} Nf6 {[%emt 0:00:00]} 3. Bg2 {[%emt 0:00:05]} d5 {[%emt 0:00:00]} 4. Nf3 {[%emt 0:00:05]} Be7 {[%emt 0:00:00]} 5. O-O {[%emt 0:00:06]} O-O {[%emt 0:00:00]} 6. c4 {[%emt 0:00:03]} dxc4 {[%emt 0:00:02]} 7. Ne5 {[%emt 0:00:05]} Nc6 {[%emt 0:00:09]} 8. Bxc6 {[%emt 0:00:04]} bxc6 {[%emt 0:00:04]} 9. Nxc6 {[%emt 0:00:10]} Qe8 {[%emt 0:00:02]} 10. Nxe7+ {[%emt 0:00:05]} Qxe7 {[%emt 0:00:02]} 11. Qc2 {[%emt 0:00:05]} e5 {[%emt 0:02:21]} 12. dxe5 {[%emt 0:00:07]} Qxe5 {[%emt 0:00:04]} 13. Bf4 {[%emt 0:00:06]} Qe6 {[%emt 0:06:46]} 14. Nc3 {[%emt 0:00:22]} Bb7 {[%emt 0:02:34]} 15. Rad1 {[%emt 0:01:42]} Rad8 {[%emt 0:15:30]} 16. Rxd8 {[%emt 0:05:52]} Rxd8 {[%emt 0:01:03]} 17. Rd1 {[%emt 0:00:02]} Rd7 {[%emt 0:04:40]} 18. Rxd7 {[%emt 0:05:14]} Nxd7 {[%emt 0:15:11]} 19. Qd2 {[%emt 0:08:26]} h6 {[%emt 0:02:55]} 20. Qe3 {[%emt 0:27:52]} Qb6 {[%emt 0:08:30]} 21. Qe8+ {[%emt 0:02:38]} Nf8 {[%emt 0:01:08]} 22. Bc1 {[%emt 0:00:33]} a6 {[%emt 0:13:54]} 23. h4 {[%emt 0:09:52]} f5 {[%emt 0:04:04]} 24. Kf1 {[%emt 0:05:44]} Qc6 {[%emt 0:04:21]} 25. Qxc6 Bxc6 {[%emt 0:00:02]} 26. Ke1 {[%emt 0:07:41]} Ne6 {[%emt 0:04:52]} 27. Be3 {[%emt 0:01:21]} g5 {[%emt 0:01:09]} 28. hxg5 {[%emt 0:00:06]} hxg5 {[%emt 0:00:01]} 29. f3 {[%emt 0:00:06]} Kf7 {[%emt 0:04:20]} 30. Kd2 {[%emt 0:00:37]} Ke7 {[%emt 0:04:29]} 31. Nb1 {[%emt 0:00:56]} Kd6 {[%emt 0:00:08]} 32. Kc3 {[%emt 0:00:08]} Bb5 {[%emt 0:01:01]} 33. Nd2 {[%emt 0:00:55]} Kd5 {[%emt 0:00:04]} 34. Nb1 {[%emt 0:05:11]} c5 {[%emt 0:01:13]} 35. Kd2 {[%emt 0:00:19]} Bc6 {[%emt 0:01:13]} 36. Nc3+ {[%emt 0:00:19]} Kd6 {[%emt 0:00:06]} 37. Bg1 {[%emt 0:00:17]} Ke5 {[%emt 0:01:15]} 38. Nd1 {[%emt 0:00:44]} Bb5 {[%emt 0:01:07]} 39. Be3 {[%emt 0:00:35]} Kd5 {[%emt 0:01:57]} 40. Ke1 {[%emt 0:00:00]} Kd6 {[%emt 0:00:00]} 41. Bd2 {[%emt 0:00:00]} f4 {[%emt 0:00:00]} 42. g4 {[%emt 0:00:00]} Bc6 {[%emt 0:00:00]} 43. Ba5 {[%emt 0:00:00]} Ke5 {[%emt 0:00:00]} 44. Kd2 {[%emt 0:00:00]} Kf6 {[%emt 0:00:00]} 45. Nf2 {[%emt 0:00:00]} Ke5 1-0

[Event "African-ch Open 2019"]
[Site "Hammamet"]
[Date "2019.07.12"]
[Round "4.2"]
[White "Kayonde, Andrew"]
[Black "Rakotomaharo, Fy Antenaina"]
[Result "1/2-1/2"]
[WhiteElo "2382"]
[BlackElo "2419"]
[Annotator "ChessBase"]
[PlyCount "94"]
[EventDate "2019.07.09"]
[EventType "swiss"]
[EventCountry "TUN"]
[SourceTitle "playchess.com"]
[Source "ChessBase"]
[SourceQuality "1"]
[TimeControl "5400+30"]

1. d4 {[%emt 0:00:13]} e6 {[%emt 0:00:00]} 2. Bf4 {[%emt 0:02:04]} Nf6 {[%emt 0:01:10]} 3. e3 {[%emt 0:00:27]} b6 {[%emt 0:00:22]} 4. Nf3 {[%emt 0:00:46]} Bb7 {[%emt 0:00:23]} 5. Bd3 {[%emt 0:01:19]} Bd6 {[%emt 0:01:33]} 6. Bg3 {[%emt 0:01:29]} Bxg3 {[%emt 0:01:37]} 7. hxg3 {[%emt 0:00:10]} d6 {[%emt 0:00:35]} 8. Nbd2 {[%emt 0:11:26]} Nbd7 {[%emt 0:01:56]} 9. c3 {[%emt 0:03:37]} Qe7 {[%emt 0:02:32]} 10. Qe2 {[%emt 0:00:09]} a6 {[%emt 0:00:35]} 11. e4 {[%emt 0:04:51]} e5 {[%emt 0:00:41]} 12. d5 {[%emt 0:02:26]} Nc5 {[%emt 0:05:51]} 13. b4 {[%emt 0:03:19]} Nxd3+ {[%emt 0:01:12]} 14. Qxd3 {[%emt 0:00:17]} a5 {[%emt 0:00:03]} 15. O-O {[%emt 0:01:05]} O-O {[%emt 0:02:26]} 16. a3 {[%emt 0:01:47]} g6 {[%emt 0:06:28]} 17. c4 {[%emt 0:13:30]} Ng4 {[%emt 0:02:13]} 18. Rfe1 {[%emt 0:12:37]} f5 {[%emt 0:26:54]} 19. Rac1 {[%emt 0:03:01]} axb4 {[%emt 0:04:39]} 20. axb4 {[%emt 0:00:05]} Ra4 {[%emt 0:00:02]} 21. Ra1 {[%emt 0:00:34]} Qd7 {[%emt 0:04:16]} 22. b5 {[%emt 0:09:54]} Rxa1 {[%emt 0:01:05]} 23. Rxa1 {[%emt 0:00:02]} Qg7 {[%emt 0:00:07]} 24. Ra7 {[%emt 0:00:58]} Bc8 {[%emt 0:01:04]} 25. c5 {[%emt 0:08:13]} Qh6 {[%emt 0:09:47]} 26. Nf1 {[%emt 0:09:29]} fxe4 {[%emt 0:04:35]} 27. Qxe4 {[%emt 0:00:07]} Qh1+ {[%emt 0:00:02]} 28. Kxh1 {[%emt 0:00:21]} Nxf2+ {[%emt 0:00:02]} 29. Kh2 {[%emt 0:01:24]} Nxe4 {[%emt 0:00:06]} 30. Rxc7 {[%emt 0:01:38]} Nxc5 {[%emt 0:00:58]} 31. Ne3 {[%emt 0:00:22]} Bd7 {[%emt 0:02:33]} 32. Nc4 {[%emt 0:00:17]} Rf6 {[%emt 0:00:02]} 33. Rc6 {[%emt 0:03:12]} Bxc6 {[%emt 0:09:13]} 34. dxc6 {[%emt 0:00:07]} Ne6 {[%emt 0:00:03]} 35. Nxb6 {[%emt 0:00:09]} Nc7 {[%emt 0:00:06]} 36. Nd7 {[%emt 0:01:34]} Rxf3 {[%emt 0:00:16]} 37. gxf3 {[%emt 0:01:43]} Nxb5 {[%emt 0:00:04]} 38. Nf6+ {[%emt 0:00:13]} Kf7 {[%emt 0:01:23]} 39. Nxh7 {[%emt 0:00:05]} d5 {[%emt 0:01:33]} 40. Kg2 {[%emt 0:00:00]} Nc7 {[%emt 0:00:00]} 41. Kf2 {[%emt 0:00:00]} Ke7 {[%emt 0:00:00]} 42. Ke3 {[%emt 0:00:00]} Ne6 {[%emt 0:00:00]} 43. f4 {[%emt 0:00:00]} exf4+ {[%emt 0:00:00]} 44. gxf4 {[%emt 0:00:00]} Kd6 {[%emt 0:00:00]} 45. Nf6 {[%emt 0:00:00]} Kxc6 {[%emt 0:00:00]} 46. Ng4 {[%emt 0:00:00]} Kd6 {[%emt 0:00:00]} 47. Ne5 {[%emt 0:00:00]} Nf8 {[%emt 0:00:00]} 1/2-1/2

[Event "African-ch Open 2019"]
[Site "Hammamet"]
[Date "2019.07.12"]
[Round "4.3"]
[White "Chumfwa, Stanley"]
[Black "Amin, Bassem"]
[Result "0-1"]
[WhiteElo "2297"]
[BlackElo "2707"]
[Annotator "TA"]
[PlyCount "90"]
[EventDate "2019.07.09"]
[EventType "swiss"]
[EventCountry "TUN"]
[SourceTitle "playchess.com"]
[Source "ChessBase"]
[SourceQuality "1"]

{[%evp 12,90,49,37,70,32,59,41,50,49,48,50,48,58,71,33,31,36,89,66,133,83,76,80,77,0,68,54,114,121,204,162,164,174,237,253,399,391,345,356,359,213,197,175,247,195,185,0,0,-83,-84,-93,-93,-89,-94,-70,-30,-25,13,-168,-168,-168,-168,-168,-168,-168,-168,-168,-168,-168,-168,-168,-168,-168,-104,-104,-104,-104,-104,-104,-100]} 1. e4 g6 2. d4 Bg7 3. Nc3 d6 4. Be3 a6 5. Qd2 b5 6. f3 Nd7 7. h4 Ngf6 {B06: Modern Defence} 8. O-O-O (8. g4 h6 9. O-O-O Nb6 10. b3 Bb7 11. Nge2 Nfd7 12. Ng3 c5 13. h5 cxd4 14. Bxd4 {1-0 (21) Volokitin,A (2628)-Malakhov,V (2686) Riadh 2017}) 8... h6 9. Kb1 Nb6 {White is slightly better.} 10. Bd3 c6 11. Nh3 Qc7 $146 ({Predecessor:} 11... b4 12. Ne2 a5 13. Nf2 h5 14. Rdg1 {0-1 (50) Backlund,A (2314)-Hillarp Persson,T (2513) Sweden 2017}) 12. g4 h5 13. gxh5 Nxh5 14. Ng5 Bd7 (14... Rb8 $14) 15. Qf2 Rb8 (15... Nc4 $14) 16. Ne2 Nc4 17. Bc1 $1 c5 18. c3 ({Better is} 18. dxc5 $16 dxc5 19. c3) 18... Na5 (18... cxd4 $1 $11 19. cxd4 O-O) 19. dxc5 $14 dxc5 (19... Qxc5 $14 20. Qxc5 dxc5) 20. f4 $1 $16 c4 (20... b4 $16) 21. Bc2 $18 b4 22. cxb4 Rxb4 (22... Nc6 $142) 23. e5 $1 {[%cal Re5e6] Black must now prevent e6!} Bg4 (23... O-O $142 24. Bd2 Rb7) 24. Rhg1 Bxe2 25. Qxe2 {And now f5 would win.} c3 26. Qf3 ({Less strong is} 26. Qxa6 O-O $16) (26. f5 $142 Nf4 27. Bxf4 Rxb2+ 28. Ka1) 26... O-O {[#]} (26... cxb2 $2 27. Bd2 $18) 27. b3 $1 e6 (27... Qb6 $142 28. Ka1 (28. Qxc3 Nxf4 29. Rge1 Nh5 $18) 28... Nc6) 28. Rd3 Qb6 {[%cal Ra5b3] [#] Threatens to win with ...Nxb3.} 29. Be3 $2 ({White must play} 29. Rg2 $1 $18) 29... Nxb3 $1 $11 30. Bxb6 (30. axb3 $11 Rxb3+ 31. Kc1 Rb1+ 32. Bxb1 Qb2+ 33. Kd1 Qxb1+ 34. Bc1 Nxf4 35. Rxc3 Bxe5 36. Rc4) 30... Nd2+ $17 {[%mdl 64] Discovered Attack (Double check)} 31. Kc1 Nxf3 32. Rxf3 Rxb6 33. Nxf7 {[%mdl 64] Remove Defender, Decoy} Rxf7 34. Bxg6 {[%mdl 64] Double Attack} Rfb7 {...Nxf4! is the strong threat.} 35. Rg5 $2 {[#]} (35. Rd1 $11) 35... Nxf4 $1 $19 {[%mdl 512]} 36. Rxf4 Bh6 37. Bf7+ Kh8 38. Rh5 Kg7 39. Rxh6 Kxh6 {[%mdl 4096] Endgame KRR-KRB} 40. Rf6+ Kg7 41. Bxe6 Re7 42. Bc4 Rxf6 (42... Rb4 $19 43. Re6 Rxe6 44. Bxe6 Rb2) 43. exf6+ $17 {Black is better.} Kxf6 {Hoping for ...Ke5.} 44. Kc2 a5 {Strongly threatening ...Re3.} 45. Kxc3 Ke5 {Accuracy: White = 66%, Black = 51%.} 0-1

[Event "African-ch Open 2019"]
[Site "Hammamet"]
[Date "2019.07.12"]
[Round "4.5"]
[White "Degondo, Simplice Armel"]
[Black "Arab, Adlane"]
[Result "0-1"]
[WhiteElo "2115"]
[BlackElo "2479"]
[Annotator "ChessBase"]
[PlyCount "98"]
[EventDate "2019.07.09"]
[EventType "swiss"]
[EventCountry "TUN"]
[SourceTitle "playchess.com"]
[Source "ChessBase"]
[SourceQuality "1"]
[TimeControl "5400+30"]

1. e4 {[%emt 0:00:00]} c5 {[%emt 0:00:00]} 2. Nf3 {[%emt 0:00:00]} Nc6 {[%emt 0:00:00]} 3. d4 {[%emt 0:00:00]} cxd4 {[%emt 0:00:00]} 4. Nxd4 {[%emt 0:00:00]} Nf6 {[%emt 0:00:15]} 5. Nc3 {[%emt 0:00:00]} d6 {[%emt 0:00:10]} 6. Bg5 {[%emt 0:00:08]} Bd7 {[%emt 0:00:26]} 7. Qd2 {[%emt 0:00:26]} Rc8 {[%emt 0:00:39]} 8. f3 {[%emt 0:01:41]} h6 {[%emt 0:03:45]} 9. Be3 {[%emt 0:01:06]} a6 {[%emt 0:00:26]} 10. O-O-O {[%emt 0:01:09]} Nxd4 {[%emt 0:04:35]} 11. Bxd4 {[%emt 0:00:00]} e5 {[%emt 0:00:10]} 12. Be3 {[%emt 0:00:42]} Be7 {[%emt 0:00:08]} 13. g4 {[%emt 0:02:48]} Qc7 {[%emt 0:01:07]} 14. h4 {[%emt 0:02:27]} Be6 {[%emt 0:01:05]} 15. g5 {[%emt 0:12:22]} hxg5 {[%emt 0:04:21]} 16. hxg5 {[%emt 0:00:03]} Rxh1 {[%emt 0:00:42]} 17. gxf6 {[%emt 0:00:02]} Rxf1 {[%emt 0:00:40]} 18. Rxf1 {[%emt 0:00:03]} Bxf6 {[%emt 0:00:12]} 19. Rd1 {[%emt 0:05:41]} Be7 {[%emt 0:01:16]} 20. Bg5 {[%emt 0:08:31]} Bf8 {[%emt 0:06:41]} 21. f4 {[%emt 0:03:31]} f6 {[%emt 0:00:07]} 22. f5 {[%emt 0:01:13]} Bf7 {[%emt 0:00:09]} 23. Be3 {[%emt 0:00:23]} Qc4 {[%emt 0:00:28]} 24. Qd3 {[%emt 0:04:50]} Qxd3 {[%emt 0:05:57]} 25. Rxd3 {[%emt 0:00:03]} g6 {[%emt 0:00:26]} 26. b3 {[%emt 0:10:46]} gxf5 {[%emt 0:09:00]} 27. exf5 {[%emt 0:00:02]} Be7 {[%emt 0:00:11]} 28. Kd2 {[%emt 0:02:57]} b5 {[%emt 0:04:45]} 29. Nd5 {[%emt 0:01:01]} Bxd5 {[%emt 0:01:24]} 30. Rxd5 {[%emt 0:00:02]} Kd7 {[%emt 0:00:08]} 31. Kd3 {[%emt 0:01:02]} Kc6 {[%emt 0:00:26]} 32. c4 {[%emt 0:00:30]} Rh8 {[%emt 0:01:52]} 33. a4 {[%emt 0:02:33]} bxc4+ {[%emt 0:00:27]} 34. bxc4 {[%emt 0:00:06]} Bd8 {[%emt 0:00:16]} 35. a5 {[%emt 0:00:51]} Rh5 {[%emt 0:02:06]} 36. Ke4 {[%emt 0:00:15]} Rh4+ {[%emt 0:00:05]} 37. Kd3 {[%emt 0:00:21]} Bc7 {[%emt 0:00:09]} 38. Bb6 {[%emt 0:00:52]} Bxb6 {[%emt 0:02:38]} 39. axb6 {[%emt 0:00:02]} Rd4+ {[%emt 0:00:44]} 40. Rxd4 {[%emt 0:00:00]} exd4 {[%emt 0:00:00]} 41. Kxd4 {[%emt 0:00:00]} a5 {[%emt 0:00:00]} 42. b7 {[%emt 0:00:00]} Kxb7 {[%emt 0:00:00]} 43. Kd5 {[%emt 0:00:00]} a4 {[%emt 0:00:00]} 44. Kxd6 {[%emt 0:00:00]} a3 {[%emt 0:00:00]} 45. Kd7 {[%emt 0:00:00]} a2 {[%emt 0:00:00]} 46. c5 {[%emt 0:00:00]} a1=Q {[%emt 0:00:00]} 47. c6+ {[%emt 0:00:00]} Kb6 {[%emt 0:00:00]} 48. c7 {[%emt 0:00:00]} Qd4+ {[%emt 0:00:00]} 49. Kc8 {[%emt 0:00:00]} Qd5 {[%emt 0:00:00]} 0-1

[Event "African-ch Open 2019"]
[Site "Hammamet"]
[Date "2019.07.13"]
[Round "5.1"]
[White "Amin, Bassem"]
[Black "Adly, Ahmed"]
[Result "1-0"]
[WhiteElo "2707"]
[BlackElo "2618"]
[Annotator "TA"]
[PlyCount "144"]
[EventDate "2019.07.09"]
[EventType "swiss"]
[EventCountry "TUN"]
[SourceTitle "playchess.com"]
[Source "ChessBase"]
[SourceQuality "1"]

{[%evp 15,144,9,20,0,0,-23,43,29,35,34,34,39,31,54,47,24,22,27,22,23,21,8,5,5,8,0,0,0,43,40,45,43,28,38,37,31,68,62,127,125,123,91,77,35,70,29,34,37,47,38,29,30,75,70,70,46,58,64,61,19,41,26,68,56,60,35,73,50,79,59,82,90,112,103,83,0,0,0,79,55,58,59,50,70,180,147,183,184,165,133,166,168,166,169,262,243,241,244,235,242,390,368,457,471,417,243,552,539,535,518,702,683,1087,1064,1031,902,1004,939,1064,1033,1356,1330,1222,1093,2236,1747,29985,29986,29986,29980,29989]} 1. e4 c5 2. Nf3 d6 3. Bb5+ Bd7 4. Bxd7+ Qxd7 5. O-O Nc6 6. c3 d5 7. exd5 Qxd5 8. d4 e6 9. Qa4 {B52: Sicilian: Moscow Variation with 3...Bd7} Nf6 10. Rd1 (10. Be3 cxd4 11. Nxd4 Qa5 12. Qxa5 Nxa5 13. Nb5 Kd7 14. Bxa7 Kc6 15. Nd4+ Kd7 16. Nb5 Kc6 {0-1 (33) Novikov,S (2534)-Khismatullin,D (2583) Kazan 2005}) 10... O-O-O (10... cxd4 $11 11. cxd4 b5) 11. Bf4 {White is slightly better.} cxd4 $146 ({Predecessor:} 11... Qf5 12. Bg3 Ne4 13. Na3 Nxg3 14. hxg3 cxd4 15. Nxd4 Nxd4 16. cxd4 Bxa3 17. bxa3 {1-0 (41) Kalegin,E (2355)-Berkovich,D (2465) Podolsk 1993}) 12. cxd4 Bd6 13. Nc3 Qa5 $1 {[%cal Ra5a4]} 14. Qxa5 Nxa5 15. Be5 Nc6 16. Rac1 {Hoping for Bxd6.} Kb8 17. Bxf6 gxf6 18. d5 Ne5 19. Nd4 Bc5 20. Ne4 Bb6 21. Nxf6 exd5 22. Nf5 $36 {[%mdl 2048] White has good play.} d4 23. Kf1 h5 24. h3 Nc6 25. a3 a5 26. g3 Bc7 {[#]} (26... Ka7 $14) 27. Rc5 $1 $16 Be5 28. Ne4 Rhe8 29. Rd3 Ka7 30. Ng5 Rd7 31. Nf3 Kb6 32. Rc2 Bf6 33. Ne3 Ree7 34. Ng2 Rd5 35. Rb3+ Kc7 36. Nf4 Rf5 37. h4 Rd7 38. Kg2 Rd8 39. Rd3 Kb6 40. Re2 Kc7 41. Re4 Rb5 42. Rd2 d3 43. Nxd3 Rbd5 44. Nfe1 (44. Rf4 {is interesting.} Be7 45. Nfe1 f5 46. Rf3 Bd6 47. Rc2) 44... Bg7 45. Rf4 (45. Rc2 $16) 45... f5 $1 $11 46. Rc2 Bh6 (46... Kb8 $11) 47. Rfc4 Rxd3 48. Nxd3 Rxd3 49. Rc5 Kb8 ({Black should try} 49... Kd6 $14) 50. Rxf5 $18 Nd4 51. Rxh5 {Strongly threatening Rc3.} Nxc2 52. Rxh6 {[%mdl 4096] Endgame KRN-KR} Ne1+ 53. Kf1 {[%mdl 1024] White has strong compensation.} Nf3 54. Rf6 {And now Ke2 would win.} Nd2+ (54... Ne5 $142 55. h5 Kc7) 55. Kg2 Kc7 56. h5 Ne4 57. Rf4 Nc5 (57... Ng5 $142 58. Rf5 Ne4 59. Rxa5 Kd6) 58. h6 Rd7 59. Rc4 Kb6 60. Rg4 (60. g4 $142) 60... Rh7 $2 (60... Kc6 {is more resistant.} 61. Rg6+ Kd5) 61. Rg6+ Kb5 62. g4 Nd3 {Threatens to win with ...Nf4+.} 63. Kg3 Nxb2 64. g5 Nc4 65. Rg7 Rh8 66. h7 Kc6 67. f4 Nd6 68. Kg4 b5 69. g6 {aiming for Rg8.} Ne8 70. Re7 b4 {[#]} 71. Rxe8 $1 {[%mdl 576] Remove Defender, Promotion} Rxe8 72. axb4 Kd5 {Accuracy: White = 66%, Black = 42%.} 1-0